000 00805cam a22001934a 4500
005 20250605163320.0
008 250528s ||||||||||||||||||||||||d
035 _a16690
040 _aGR-AtMCL
_bgre
_dGR-AtMCL
_eAACR2
245 1 _aΔομές Δεδομένων Αλγόριθμοι
250 _a
260 _bΖυγός,
_c1998
300 _a564
520 _aΠρόλογος, Περιεχόμενα, Βασικές Έννοιες, Στοιχειώδεις Δομές Δεδομένων, Στοιχεία Θεωρίας Γραφημάτων και Δένδρων, Ταξινόμηση, Αναζήτηση, Αλγόριθμοι Θεωρίας Γραφημάτων, Βιβλιογραφία.
700 1 _aΛουκάκης Μανώλης
942 _cBK
999 _c2165
_d2165